|
|
|
|
| LEADER |
01318nam a2200373 a 4500 |
| 001 |
000472854 |
| 003 |
CZ BrMZK |
| 005 |
20090226152344.0 |
| 007 |
ta |
| 008 |
000115s2000 xr g f cze d |
| 015 |
|
|
|a cnb000961583
|
| 020 |
|
|
|a 80-7202-605-4
|
| 035 |
|
|
|a (OCoLC)37674353
|
| 040 |
|
|
|a BOA001
|b cze
|
| 041 |
1 |
|
|a cze
|h eng
|
| 072 |
|
7 |
|a 821.111(73)-3
|x Americká próza
|2 Konspekt
|9 25
|
| 080 |
|
|
|a 821.111(73)-31
|2 MRF
|
| 080 |
|
|
|a (0:82-31)
|2 MRF
|
| 100 |
1 |
|
|a Cook, Robin,
|d 1940-
|7 xx0000523
|4 aut
|
| 245 |
1 |
0 |
|a Únosné riziko /
|c Robin Cook ; [z angličtiny přeložila Alena Amchová]
|
| 250 |
|
|
|a Vyd. 2.
|
| 260 |
|
|
|a Praha :
|b Ikar,
|c 2000
|
| 300 |
|
|
|a 268 s. ;
|c 24 cm
|
| 490 |
1 |
|
|a Knihy Robina Cooka
|
| 504 |
|
|
|a Obsahuje bibliografii
|
| 500 |
|
|
|a Dostupné též v digitální podobě v aplikaci Kramerius
|
| 655 |
|
7 |
|a americké romány
|7 fd131796
|2 czenas
|
| 700 |
1 |
|
|a Amchová, Alena,
|d 1952-
|7 jx20041112007
|4 trl
|
| 765 |
0 |
|
|t Acceptable risk
|9 Česky
|
| 800 |
1 |
|
|a Cook, Robin,
|d 1940-
|t Knihy
|0 s
|
| 856 |
4 |
1 |
|u http://www.digitalniknihovna.cz/mzk/uuid/uuid:4b541bf0-dbd1-11e6-8010-005056827e51
|y Digitalizovaný dokument
|x NDK
|
| 910 |
|
|
|a BOA001
|b 2-1072.027
|
| 990 |
|
|
|a BK
|
| 996 |
6 |
|
|b 2610778397
|c 2-1072.027
|l MZK
|r Sklad / do 1 hodiny
|n 0
|p dar
|w 000472854
|u 000020
|a 1
|e BOA001
|j MZK50
|s P
|